Gigantes de la industria : disco 2 : Muerte : Un nuevo contendiente : El dueño de todo = The Men Who Built America : Bloody Battles : Changing the Game /
Miniserie documental producida por The History Channel, y transmitida originalmente en el 2012, acerca de los principales empresarios que tras la guerra civil llevaron a Estados Unidos a su llamada Era Dorada, en donde el país prosperó y se transformó en una potencia económica y tecnológica. La seri...
Gespeichert in:
| 1. Verfasser: | |
|---|---|
| Weitere Verfasser: | , , , , , , , , , |
| Format: | |
| Sprache: | Englisch |
| Schlagworte: | |
| Tags: |
Keine Tags, Fügen Sie das erste Tag hinzu!
|
MARC
| LEADER | 00000ngm^a2200000^a^4500 | ||
|---|---|---|---|
| 001 | 000440632 | ||
| 005 | 20250521000000.0 | ||
| 008 | 220422 20122012 | ||
| 009 | 20260310123342.097 | ||
| 037 | |a Acervo ITESO - Biblioteca | ||
| 041 | |a ING | ||
| 082 | |a 973. 08 |b MAG V. 2 | ||
| 100 | |a Magan, Ruán |e (realización) | ||
| 240 | 1 | 1 | |a [Gigantes de la industria] |
| 245 | 1 | 0 | |a Gigantes de la industria : |b disco 2 : Muerte : Un nuevo contendiente : El dueño de todo = The Men Who Built America : Bloody Battles : Changing the Game / |c Realización de R. Magan, P. Reams. |
| 264 | 2 | |a México : |b A + E Networks [distribución], |c 2012, c2012 | |
| 300 | |a 1 blu-ray región A (132, 44 min.) : |b color | ||
| 336 | |a imagen móvil bidimensional |b tdi |2 rdacontenido | ||
| 337 | |a video |b v |2 rdamedio | ||
| 338 | |a videodisco |b vd |2 rdasoporte | ||
| 520 | |a Miniserie documental producida por The History Channel, y transmitida originalmente en el 2012, acerca de los principales empresarios que tras la guerra civil llevaron a Estados Unidos a su llamada Era Dorada, en donde el país prosperó y se transformó en una potencia económica y tecnológica. La serie se centra en cinco empresarios: Cornelius Vanderbilt, quien generó la mayor red ferroviaria en el país; John D. Rockefeller, quien monopolizó la industria petrolera; Andrew Carnegie, que consolidó la industria del acero para construir rascacielos y barcos de guerra; J.P. Morgan, quien conformó la industria eléctrica en el país; y Henry Ford, quien desarrolló la idea del automóvil producido en masa. La serie culmina con los intentos de los magnates por imponer al republicano William McKenley como presidente, el asesinato de este y la llegada de Theodore Roosevelt a la presidencia, quien implementó medidas antimonopolio y acabó con su expansión económica. | ||
| 546 | |a En inglés, con subtítulos opcionales: inglés | ||
| 649 | |a XX | ||
| 650 | |a Empresarios Norteamericanos - |x Biografías | ||
| 650 | |a Empresarios Norteamericanos - |x Tema Principal | ||
| 650 | |a Documentales | ||
| 650 | |a Miniseries | ||
| 650 | |a Series Históricas | ||
| 650 | |a Series de Televisión | ||
| 650 | |a Televisión - |z EUA - |y 2010-2019 | ||
| 650 | |a Televisión - |z EUA - |y Siglo XXI | ||
| 650 | |a Acero - |z EUA - |x Industria y Comercio - |x Tema Principal | ||
| 650 | |a Empresas - |z EUA - |x Administración | ||
| 650 | |a Minería - |z EUA - |x Historia - |y Siglo XIX | ||
| 650 | |a Industria Eléctrica - |z EUA - |x Historia - |y Siglo XIX | ||
| 650 | |a Industria Siderúrgica y Metalúrgica - |z EUA - |x Historia - |y Siglo XIX | ||
| 650 | |a Industria de la Construcción - |z EUA - |x Historia - |y Siglo XIX | ||
| 650 | |a Industrias Extractivas - |z EUA - |x Historia - |y Siglo XIX | ||
| 650 | |a Industria Pesada y de Alta Tecnología - |z EUA - |x Historia - |y Siglo XIX | ||
| 650 | |a Industria - |z EUA - |x Historia - |y Reconstrucción, 1865-1901 - |x Tema Principal | ||
| 650 | |a Industrialización - |z EUA - |x Historia - |y Reconstrucción, 1865-1901 - |x Tema Principal | ||
| 650 | |a Industrialización - |z EUA - |x Historia - |y Siglo XIX | ||
| 650 | |a Capitalismo - |z EUA - |x Historia | ||
| 650 | |a Desarrollo Tecnológico - |z EUA - |x Historia - |y Siglo XIX | ||
| 650 | |a Desarrollo Económico-Social - |z EUA - |x Historia - |y Reconstrucción, 1865-1901 | ||
| 650 | |a Desarrollo Económico-Social - |z EUA - |x Historia - |y Siglo XIX | ||
| 650 | |a Economía - |z EUA - |x Historia - |y Reconstrucción, 1865-1901 - |x Tema Principal | ||
| 650 | |a Economía - |z EUA - |x Historia - |y Siglo XIX | ||
| 650 | |a EUA - |x Historia - |y Reconstrucción, 1865-1901 - |x Tema Principal | ||
| 650 | |a EUA - |x Historia - |y Siglo XIX | ||
| 650 | |a Carnegie, Andrew - |x Tema Principal | ||
| 650 | |a Morgan, J.P. - |x Tema Principal | ||
| 650 | |a Frick, Henry Clay | ||
| 700 | |a Reams, Patrick |e (realización) | ||
| 700 | |a David, Stephen |e (producción ejecutiva) | ||
| 700 | |a Kelly, Tim W. |e (producción ejecutiva) | ||
| 700 | |a David, Stephen |e (guión) | ||
| 700 | |a Lopez, Richard |e (fotógrafo) | ||
| 700 | |a O'Carroll, Brian |e (fotógrafo) | ||
| 700 | |a Beers, Sarah |e (vestuario) | ||
| 700 | |a Kelly, Tim W. |e (montaje) | ||
| 700 | |a Vanacore, David |e (música) | ||
| 700 | |a Scott, Campbell |e (narración) | ||
| 740 | 0 | |a Gigantes de la industria : |b Muerte : Un nuevo contendiente : Bloody Battles / |c Realización de R. Magan, P. Reams. | |
| 740 | 0 | |a Gigantes de la industria : |b El dueño de todo : Changing the Game / |c Realización de R. Magan, P. Reams. | |
| 910 | |a Fondo General | ||
| 920 | |a Audiovisuales - Blu-rays | ||
| 905 | |a 303 | ||
| 901 | |a 0500365451 |b IT2 |c BRS |i C165901 |u 20250521 | ||
| 902 | |a https://opac.biblio.iteso.mx/vufind/Record/000440632 | ||